01447nam a2200361 a 4500001001200000003000800012006001900020007001500039008004100054010001700095020001500112020001800127020002700145040002100172035002100193050002400214082001700238100002300255245011300278250001300391260008500404300002600489490002600515504005100541505009100592533015200683650003200835655002900867710001700896830002700913856012600940999001901066ebr10516511CaPaEBRm u cr cn|||||||||990212s1999 vauad sb 001 0 eng d z 99013266  z1563473429 z9781563473425 z9781600860263 (e-book) aCaPaEBRcCaPaEBR a(OCoLC)31355434914aTL1050b.B35 1999eb04a629.4/112211 aBattin, Richard H.13aAn introduction to the mathematics and methods of astrodynamicsh[electronic resource] /cRichard H. Battin. aRev. ed. aReston, Va. :bAmerican Institute of Aeronautics and Astronautics, Inc.,cc1999. axxxii, 796 p. :bill.1 aAIAA education series aIncludes bibliographical references and index.0 apt. 1. Hypergeometric functions and elliptic integrals -- pt. 2. Non-Keplerian motion. aElectronic reproduction.bPalo Alto, Calif. :cebrary,d2013.nAvailable via World Wide Web.nAccess may be limited to ebrary affiliated libraries. 0aAstrodynamicsxMathematics. 7aElectronic books.2local2 aebrary, Inc. 0aAIAA education series.40uhttp://site.ebrary.com/lib/rucke/Doc?id=10516511zAn electronic book accessible through the World Wide Web; click to view c224153d224153